Oceňovanie podniku ako celku

Rôzny účel oceňovania podniku ako celku, resp. jeho ucelených častí. Faktory pôsobiace na oceňovanie podniku. Metódy oceňovania podniku - metóda výpočtu substančnej hodnoty, metóda určenia hodnoty výnosu. Iné metódy - metóda priemernej hodnoty, metóda nadzisku, metóda porovnávania, subjektívna metód...

Ausführliche Beschreibung

Gespeichert in:
Bibliographische Detailangaben
1. Verfasser: Vlachynský, Karol
Format: Buchkapitel
Sprache:Slowakisch
Schlagworte:
Tags: Tag hinzufügen
Keine Tags, Fügen Sie das erste Tag hinzu!

MARC

LEADER 00000naa a2200000 4500
001 r015742
005 20221205090115.2
041 0 |a slo 
044 |a SK 
245 1 0 |a Oceňovanie podniku ako celku  |c Karol Vlachynský 
520 |a Rôzny účel oceňovania podniku ako celku, resp. jeho ucelených častí. Faktory pôsobiace na oceňovanie podniku. Metódy oceňovania podniku - metóda výpočtu substančnej hodnoty, metóda určenia hodnoty výnosu. Iné metódy - metóda priemernej hodnoty, metóda nadzisku, metóda porovnávania, subjektívna metóda. Popis jednotlivých metód. 
610 2 0 |a oceňovanie 
610 2 0 |a podnik 
610 2 0 |a metodika 
100 1 |a Vlachynský, Karol